| 000 | 00000nam 2200000za 4500 |
| 001 | 9.674490 |
| 003 | CaOODSP |
| 005 | 20210624224755 |
| 007 | cr ||||||||||| |
| 008 | 150407s2002 xxc|||||o f|0| 0 fre d |
| 040 | |aCaOODSP|bfre |
| 041 | |aeng |
| 041 | |afre |
| 043 | |an-cn--- |
| 086 | 1 |aS53-38/2002-PDF |
| 110 | 1 |aCanada.|bTravaux publics et Services gouvernementaux Canada.|bBureau de la traduction. |
| 245 | 10|aLexique des IRSC |h[ressource électronique] / |cpar la Direction de la terminologie et de la normalisation du Bureau de la traduction en collaboration avec le Service de traduction des IRSC. |
| 246 | 1 |iTitre additionnel (dans la publication) : |aLexique des Instituts de recherche en santé du Canada |
| 260 | |aOttawa : |bTravaux publics et Services gouvernementaux Canada, |c2002. |
| 300 | |a111 p. |
| 500 | |a«Le lexique comprend plus de 1700 entrées...» -- Introd. |
| 504 | |aBibliographie. |
| 590 | |a07-04-Supp|b2007-06-29 |
| 691 | 07|aRecherche médicale|2gcpds |
| 691 | 07|aTerminologie|2gcpds |
| 791 | |tCIHR Lexicon |eeng|w(CaOODSP)9.674489 |
| 856 | 40|ahttp://publications.gc.ca|qPDF|s428 Ko|uhttps://publications.gc.ca/collections/Collection/S53-38-2002.pdf |